[Event "IECG QN.2002.0.00237"]
[Site "IECG email"]
[Date "2002.08.17"]
[Round "?"]
[White "Venturas, Bob"]
[Black "Jedlicka, Ludek"]
[Result "0-1"]
[WhiteElo "656"]
[BlackElo "882"]
[PlyCount "54"]
[EventDate "2002.08.17"]
[EventType "tourn (corr)"]
[EventRounds "6"]
[SourceTitle "Corr 2008"]
[Source "ChessBase"]
[SourceDate "2008.06.24"]
[SourceVersion "1"]
[SourceVersionDate "2008.06.24"]
[SourceQuality "1"]

1. e4 c5 2. c4 Nc6 3. Nc3 Nf6 4. Nf3 e5 5. d3 Be7 6. Bd2 0-0 7. Be2 b6 8. a3 d6 9. h3 Bb7 10. Nd5 Nxd5 11. cxd5 Nb8 12. Qa4 Nd7 13. b4 a6 14. Be3 f5 15. Rb1 Qe8 16. Qd1 Qg6 17. Rg1 b5 18. Qc2 fxe4 19. dxe4 Bxd5 20. Bd3 Bc6 21. a4 Rxf3 22. Be2 Bxe4 23. Bd3 Bxd3 24. Qd2 c4 25. Rc1 d5 26. a5 d4 27. Bxd4 exd4 0-1

[Event "IECG CN.2001.0.00253"]
[Site "IECG email"]
[Date "2001.07.01"]
[Round "?"]
[White "Mattfeld, Eric"]
[Black "Jedlicka, Ludek"]
[Result "0-1"]
[WhiteElo "805"]
[BlackElo "775"]
[PlyCount "78"]
[EventDate "2001.07.01"]
[EventType "tourn (corr)"]
[EventRounds "6"]
[SourceTitle "Corr 2008"]
[Source "ChessBase"]
[SourceDate "2008.06.24"]
[SourceVersion "1"]
[SourceVersionDate "2008.06.24"]
[SourceQuality "1"]

1. e4 e5 2. Nf3 Nc6 3. Nc3 b6 4. Bc4 Bb7 5. d4 f6 6. d5 Na5 7. Bb5 c6 8. Bd3 Bb4 9. 0-0 Bxc3 10. bxc3 cxd5 11. exd5 Bxd5 12. Ba3 Ne7 13. Bb5 Bc4 14. Bxc4 Nxc4 15. Bb4 d5 16. Qd3 Nd6 17. a4 e4 18. Qe2 exf3 19. Qxf3 a5 20. Ba3 0-0 21. Rfe1 Re8 22. Qg4 Nc4 23. Bc1 Ng6 24. Bf4 Rxe1+ 25. Rxe1 Nxf4 26. Qxf4 Qd7 27. Ra1 Re8 28. Qf3 Nb2 29. Qf4 Nxa4 30. h3 Nxc3 31. Qf3 Qc7 32. g3 Qc5 33. Rf1 Ne2+ 34. Kh2 Nd4 35. Qh5 Re5 36. Qg4 Nxc2 37. Qd1 Re1 38. Rxe1 Qxf2+ 39. Kh1 Qxe1+ 0-1

[Event "IECG CN.2001.0.00253"]
[Site "IECG email"]
[Date "2001.??.??"]
[Round "?"]
[White "Jedlicka, Ludek"]
[Black "Krishnamurthy, Prabhanandan"]
[Result "0-1"]
[WhiteElo "775"]
[BlackElo "906"]
[PlyCount "48"]
[EventDate "2001.07.01"]
[EventType "tourn (corr)"]
[EventRounds "6"]
[SourceTitle "Corr 2008"]
[Source "ChessBase"]
[SourceDate "2008.06.24"]
[SourceVersion "1"]
[SourceVersionDate "2008.06.24"]
[SourceQuality "1"]

1. e4 e5 2. Nf3 Nc6 3. d4 exd4 4. Bc4 Bc5 5. c3 Nf6 6. e5 d5 7. Bb5 Ne4 8. cxd4 Bb6 9. 0-0 0-0 10. Nc3 Bg4 11. Bxc6 bxc6 12. Re1 Nxc3 13. bxc3 c5 14. Ba3 c6 15. h3 Bh5 16. dxc5 Bc7 17. g4 Bg6 18. Nd4 Qh4 19. Re3 f5 20. Ne6 f4 21. Rf3 Bxe5 22. Nxf8 Rxf8 23. Qe2 Be4 24. Re1 h5 0-1

[Event "IECG CN.2000.0.00186"]
[Site "IECG email"]
[Date "2000.04.03"]
[Round "?"]
[White "Chew, Yaw Chong"]
[Black "Jedlicka, Ludek"]
[Result "1-0"]
[WhiteElo "800"]
[BlackElo "800"]
[PlyCount "59"]
[EventDate "2000.04.03"]
[EventType "tourn (corr)"]
[EventRounds "6"]
[SourceTitle "Corr 2008"]
[Source "ChessBase"]
[SourceDate "2008.06.24"]
[SourceVersion "1"]
[SourceVersionDate "2008.06.24"]
[SourceQuality "1"]

1. e4 e5 2. Nf3 Nc6 3. d4 exd4 4. Bc4 Nf6 5. 0-0 Bc5 6. e5 Ng4 7. Bg5 Be7 8. Bf4 0-0 9. h3 Nh6 10. Nxd4 Nxd4 11. Qxd4 Nf5 12. Qe4 d6 13. Nc3 dxe5 14. Bxe5 Re8 15. Rad1 Bd6 16. Rfe1 Bd7 17. Qf4 Rxe5 18. Rxe5 Bxe5 19. Qxe5 Nd6 20. Bb3 Bc6 21. Nd5 Bxd5 22. Rxd5 Qe8 23. Qc3 Rc8 24. Re5 Qd8 25. Qe3 b6 26. c3 c5 27. g3 c4 28. Bc2 Qf8 29. Qd4 Rd8 30. Bxh7+ 1-0

[Event "IECG CN.2000.0.00173"]
[Site "IECG email"]
[Date "2000.02.06"]
[Round "?"]
[White "Jedlicka, Ludek"]
[Black "Cho, Kyung Ah"]
[Result "0-1"]
[WhiteElo "800"]
[BlackElo "800"]
[PlyCount "46"]
[EventDate "2000.02.06"]
[EventType "tourn (corr)"]
[EventRounds "6"]
[SourceTitle "Corr 2008"]
[Source "ChessBase"]
[SourceDate "2008.06.24"]
[SourceVersion "1"]
[SourceVersionDate "2008.06.24"]
[SourceQuality "1"]

1. e4 c5 2. Nf3 d6 3. Nc3 Nf6 4. Bc4 a6 5. 0-0 e6 6. d4 b5 7. Bd3 Bb7 8. Bg5 h6 9. Bxf6 Qxf6 10. e5 Bxf3 11. exf6 Bxd1 12. fxg7 Bxg7 13. Raxd1 cxd4 14. Ne4 d5 15. Nc5 0-0 16. b4 Rc8 17. Nb3 Nc6 18. a3 Ne5 19. Nc5 Bf8 20. Nb3 Rc3 21. Nc5 Bxc5 22. bxc5 Rc8 23. h3 R8xc5 0-1